Movies Quiz

Random Movies or Clickable Quiz

One-Star Oscar Winners Quiz Stats

 Plays Quiz Updated Jul 22, 2017

Support Sporcle.
Go Orange.
Score 0/16 Timer 06:00
3 Plays Today
% Correct
The Hurt Locker
95.9%
The Lord of the Rings: The Return of the King
94.9%
The King's Speech
93.6%
Chicago
93.1%
Slumdog Millionaire
90.3%
Crash
89.6%
Million Dollar Baby
86.8%
Argo
85.3%
% Correct
A Beautiful Mind
84.9%
12 Years a Slave
82.4%
Gladiator
81.5%
Spotlight
80.1%
The Departed
77%
The Artist
75.9%
Birdman or (The Unexpected Virtue of Ignorance)
68.3%
No Country for Old Men
62.7%

You're not logged in!

Compare scores with friends on all Sporcle quizzes.
OR
Log In
Forgot?

From the Vault

Biggest and Best by Sporcle Category

by biggs364

Shine bright like a Sporcle category.
Remove Ads.
Support Sporcle.
Get the best of Sporcle when you Go Orange. This ad-free experience offers more features, more stats, and more fun while also helping to support Sporcle. Thank you for becoming a member.

Show Comments

Extras

Top Quizzes Today


Score Distribution

Your Account Isn't Verified!

In order to create a playlist on Sporcle, you need to verify the email address you used during registration. Go to your Sporcle Settings to finish the process.

Report this User

Report this user for behavior that violates our Community Guidelines.

Details: